000 00528nam a22001817a 4500
008 151013b xxu||||| |||| 00| 0 eng d
020 _a0072509171
041 0 _aeng
080 _a658
100 1 _aDess, Gregory G.
245 1 0 _aStrategic management :
_cGregory G. Dess, G.T. Lumpkin.
260 _aBoston, Mass. :
_bMcGraw-Hill/Irwin,
_c2003.
300 _axxi, 455 f. :
_bme il.;
_c23 cm.
650 0 _aPlanifikimi
650 0 _aStrategjik
700 1 _aLumpkin, G. T.
942 _2udc
_cBK
999 _c1266
_d1266